[Event "NRW U18 op"]
[Site "Olpe"]
[Date "2005.10.03"]
[Round "6.2"]
[White "Meschede, Thorsten Gerrit"]
[Black "Krug, Kevin"]
[Result "1/2-1/2"]
[WhiteElo "1862"]
[BlackElo "2098"]
[PlyCount "109"]
[EventDate "2005.10.01"]
[EventType "swiss"]
[EventRounds "7"]
[EventCountry "GER"]
[SourceTitle "CBM 108 Extra"]
[Source "ChessBase"]
[SourceDate "2005.11.04"]
[SourceVersion "1"]
[SourceVersionDate "2005.11.04"]
[SourceQuality "1"]

1. e4 Nc6 2. Nf3 d6 3. d4 g6 4. c3 Bg7 5. h3 e5 6. dxe5 dxe5 7. Qxd8+ Nxd8 8. Bc4 Be6 9. Nbd2 Ne7 10. 0-0 0-0 11. Re1 Nc8 12. Bxe6 Nxe6 13. Nc4 f6 14. b3 Rd8 15. Be3 Nd6 16. Nxd6 Rxd6 17. Rad1 Rad8 18. Rxd6 Rxd6 19. Kf1 a6 20. Ke2 Kf7 21. Rd1 Rxd1 22. Kxd1 Bf8 23. Ke2 Bc5 24. g3 Bd6 25. Nh4 c6 26. Kd3 Bc5 27. Nf3 Bxe3 28. Kxe3 Ke7 29. h4 h5 30. Nd2 b5 31. b4 Kd6 32. Nb3 c5 33. a3 g5 34. Kf3 gxh4 35. gxh4 Kc6 36. Na5+ Kc7 37. Nb3 Kb6 38. Ke3 Kc6 39. Kf3 Kd6 40. Kg3 c4 41. Nd2 Nf4 42. Kf3 Ng6 43. Kg3 Nf4 44. Kf3 Nd3 45. Ke2 Nc1+ 46. Ke1 Na2 47. Nb1 Nc1 48. Nd2 Ke6 49. Nf1 Nd3+ 50. Ke2 Nf4+ 51. Kf3 Ng6 52. Ng3 Nxh4+ 53. Ke2 f5 54. exf5+ Nxf5 55. Nxh5 1/2-1/2

[Event "NRW-ch U16"]
[Site "Kranenburg"]
[Date "2005.04.02"]
[Round "7"]
[White "Meschede, Thorsten Gerrit"]
[Black "Volkov, Mykyta"]
[Result "1/2-1/2"]
[WhiteElo "1790"]
[BlackElo "1905"]
[PlyCount "23"]
[EventDate "2005.03.28"]
[EventType "swiss"]
[EventRounds "7"]
[EventCountry "GER"]
[SourceTitle "CBM 105 Extra"]
[Source "ChessBase"]
[SourceDate "2005.05.01"]
[SourceVersion "1"]
[SourceVersionDate "2005.05.01"]
[SourceQuality "1"]

1. e4 e6 2. d4 d5 3. Nc3 Bb4 4. e5 c5 5. a3 Bxc3+ 6. bxc3 Ne7 7. h4 Nbc6 8. h5 h6 9. Nf3 Qa5 10. Bd2 Bd7 11. Rh4 0-0-0 12. Rf4 1/2-1/2

[Event "NRW-ch U16"]
[Site "Kranenburg"]
[Date "2005.03.30"]
[Round "4"]
[White "Kanevski, Vladyslav"]
[Black "Meschede, Thorsten Gerrit"]
[Result "1/2-1/2"]
[WhiteElo "1762"]
[BlackElo "1790"]
[PlyCount "82"]
[EventDate "2005.03.28"]
[EventType "swiss"]
[EventRounds "7"]
[EventCountry "GER"]
[SourceTitle "CBM 105 Extra"]
[Source "ChessBase"]
[SourceDate "2005.05.01"]
[SourceVersion "1"]
[SourceVersionDate "2005.05.01"]
[SourceQuality "1"]

1. d4 Nf6 2. Nf3 c5 3. Bf4 e6 4. e3 b6 5. Nbd2 Bb7 6. Bd3 d6 7. Qe2 Nbd7 8. c3 Be7 9. 0-0 0-0 10. h3 Qc7 11. e4 cxd4 12. cxd4 Rac8 13. Nc4 Rfd8 14. Rac1 Qb8 15. Rc2 Nf8 16. Rfc1 Ng6 17. Bh2 Qa8 18. Ncd2 Rc6 19. Ne1 Rdc8 20. f4 Rxc2 21. Rxc2 Rxc2 22. Nxc2 d5 23. e5 Ne4 24. Ne3 Qc8 25. Nc2 Nxd2 26. Qxd2 Ba6 27. Bg3 Bxd3 28. Qxd3 Qc4 29. Qxc4 dxc4 30. Kf2 Kf8 31. Kf3 Ke8 32. Be1 Kd7 33. g3 Kc6 34. Bb4 Bxb4 35. Nxb4+ Kb5 36. Nc2 Kc6 37. Nb4+ Kb7 38. Ke4 a5 39. Nc2 Kc6 40. g4 Ne7 41. Ne3 b5 1/2-1/2

[Event "NRW-ch U16"]
[Site "Kranenburg"]
[Date "2005.03.29"]
[Round "3"]
[White "Meschede, Thorsten Gerrit"]
[Black "Krutwig, Longlong"]
[Result "0-1"]
[WhiteElo "1790"]
[BlackElo "2042"]
[PlyCount "72"]
[EventDate "2005.03.28"]
[EventType "swiss"]
[EventRounds "7"]
[EventCountry "GER"]
[SourceTitle "CBM 105 Extra"]
[Source "ChessBase"]
[SourceDate "2005.05.01"]
[SourceVersion "1"]
[SourceVersionDate "2005.05.01"]
[SourceQuality "1"]

1. e4 Nc6 2. Nf3 e5 3. Bb5 a6 4. Ba4 Nf6 5. 0-0 Be7 6. Re1 b5 7. Bb3 0-0 8. a4 Bb7 9. c3 d5 10. d3 Qd6 11. Nbd2 Rad8 12. Qe2 Kh8 13. Nf1 d4 14. axb5 axb5 15. c4 bxc4 16. Bxc4 Nd7 17. Ng3 Nb6 18. b3 Bc8 19. h3 Nxc4 20. bxc4 Qg6 21. Kh1 Rde8 22. Bd2 h5 23. Ra2 h4 24. Nf5 Bxf5 25. exf5 Qxf5 26. Ra6 Nb8 27. Ra7 Bd8 28. Nxd4 exd4 29. Qxe8 Rxe8 30. Rxe8+ Kh7 31. Rxd8 Nc6 32. Rd5 Qxd3 33. Rxc7 Qxc4 34. Rd6 Qf1+ 35. Kh2 Ne5 36. Bf4 Nd3 0-1

[Event "NRW-ch U16"]
[Site "Kranenburg"]
[Date "2005.03.28"]
[Round "1"]
[White "Meschede, Thorsten Gerrit"]
[Black "Klein, Felix"]
[Result "0-1"]
[WhiteElo "1790"]
[BlackElo "2152"]
[PlyCount "92"]
[EventDate "2005.03.28"]
[EventType "swiss"]
[EventRounds "7"]
[EventCountry "GER"]
[SourceTitle "CBM 105 Extra"]
[Source "ChessBase"]
[SourceDate "2005.05.01"]
[SourceVersion "1"]
[SourceVersionDate "2005.05.01"]
[SourceQuality "1"]

1. e4 c5 2. c3 Nf6 3. e5 Nd5 4. d4 cxd4 5. cxd4 e6 6. Nf3 d6 7. Nc3 Nxc3 8. bxc3 Qc7 9. Bd2 Nd7 10. exd6 Bxd6 11. Bd3 b6 12. Qe2 Bb7 13. h4 0-0 14. 0-0 Rac8 15. Rfe1 Bf4 16. Bxf4 Qxf4 17. Qe3 Qg4 18. Rac1 Nf6 19. c4 Bxf3 20. Qxf3 Qxd4 21. g3 Rfd8 22. Bf1 Qc5 23. Rcd1 h6 24. Qb7 Ng4 25. Qf3 Rxd1 26. Rxd1 Ne5 27. Qe4 g6 28. h5 g5 29. Re1 Nd7 30. Qd3 Qe7 31. Rd1 Nf6 32. Be2 Rc7 33. Qe3 Rd7 34. Rd4 Qd8 35. Rxd7 Qxd7 36. Qe5 Kg7 37. Kh2 Qd2 38. Kg2 Qxa2 39. f4 gxf4 40. gxf4 Qc2 41. Kg3 Qe4 42. Qb2 Qe3+ 43. Bf3 a5 44. Qa1 a4 45. Qb2 a3 46. Qa1 Qb3 0-1

[Event "NRW-ch U14"]
[Site "Wolfsburg"]
[Date "2004.04.14"]
[Round "4"]
[White "Scharnowski, Tobias"]
[Black "Meschede, Thorsten Gerrit"]
[Result "1/2-1/2"]
[WhiteElo "1762"]
[BlackElo "1594"]
[PlyCount "31"]
[EventDate "2004.04.??"]
[EventType "swiss"]
[EventRounds "7"]
[EventCountry "GER"]
[SourceTitle "EXT 2005"]
[Source "ChessBase"]
[SourceDate "2004.11.15"]
[SourceVersion "1"]
[SourceVersionDate "2004.11.15"]
[SourceQuality "1"]

1. e4 e5 2. Bc4 Nf6 3. d3 c6 4. Qe2 Bc5 5. Nf3 d6 6. 0-0 Nbd7 7. Nbd2 0-0 8. c3 Re8 9. a4 a5 10. Re1 Nf8 11. Nf1 Be6 12. Bxe6 Nxe6 13. Be3 Bxe3 14. Nxe3 g6 15. g3 Qc7 16. Qc2 1/2-1/2

[Event "NRW-ch U14"]
[Site "Wolfsburg"]
[Date "2004.04.13"]
[Round "2"]
[White "Kelbling, Philipp"]
[Black "Meschede, Thorsten Gerrit"]
[Result "1/2-1/2"]
[WhiteElo "1508"]
[BlackElo "1594"]
[PlyCount "122"]
[EventDate "2004.04.??"]
[EventType "swiss"]
[EventRounds "7"]
[EventCountry "GER"]
[SourceTitle "EXT 2005"]
[Source "ChessBase"]
[SourceDate "2004.11.15"]
[SourceVersion "1"]
[SourceVersionDate "2004.11.15"]
[SourceQuality "1"]

1. e4 e5 2. d4 exd4 3. Qxd4 Nc6 4. Qe3 Nf6 5. Nc3 Bb4 6. Bd2 0-0 7. 0-0-0 Re8 8. Qg3 Nxe4 9. Nxe4 Rxe4 10. Bf4 d6 11. Bd3 Re8 12. Nf3 Ne7 13. h4 Ng6 14. Bg5 Qd7 15. h5 Ne5 16. Nxe5 Rxe5 17. Bf6 Qg4 18. Bxe5 dxe5 19. Qxe5 Be6 20. f3 f6 21. Qxc7 Qg5+ 22. f4 Qa5 23. Qxa5 Bxa5 24. Kb1 Bg4 25. Bc4+ Kf8 26. Rd5 b6 27. c3 Rc8 28. Ba6 Rc5 29. Rd8+ Ke7 30. Ra8 Bf5+ 31. Ka1 Rxc3 32. Rxa7+ Kf8 33. Rd1 Re3 34. Bb5 Re1 35. Ra8+ Kf7 36. Bc4+ Ke7 37. Rxe1+ Bxe1 38. Ra7+ Kd6 39. Rxg7 Kc5 40. Be2 Bf2 41. a3 b5 42. Rb7 Kc6 43. Rxb5 Bg4 44. Bf1 Be3 45. Ra5 Bb6 46. Ra8 Bxh5 47. Bd3 Kd5 48. Bxh7 Kc4 49. Ra6 Bd4 50. Ra4+ Kc5 51. Rxd4 Kxd4 52. f5 Ke5 53. a4 Bf7 54. Kb1 Kd4 55. Bg6 Bd5 56. g4 Bf3 57. Bh5 Kc4 58. Bf7+ Kb4 59. b3 Bxg4 60. Kc2 Bxf5+ 61. Kd2 Bd7 1/2-1/2

[Event "NRW-ch U14"]
[Site "Wolfsburg"]
[Date "2004.04.13"]
[Round "3"]
[White "Meschede, Thorsten Gerrit"]
[Black "Korste, Sebastian"]
[Result "1-0"]
[WhiteElo "1594"]
[BlackElo "1349"]
[PlyCount "79"]
[EventDate "2004.04.??"]
[EventType "swiss"]
[EventRounds "7"]
[EventCountry "GER"]
[SourceTitle "EXT 2005"]
[Source "ChessBase"]
[SourceDate "2004.11.15"]
[SourceVersion "1"]
[SourceVersionDate "2004.11.15"]
[SourceQuality "1"]

1. e4 c5 2. c3 Nc6 3. d4 cxd4 4. cxd4 e6 5. Nf3 d6 6. Be3 Nf6 7. Nbd2 a6 8. Rc1 Bd7 9. h3 Rc8 10. Bd3 Qa5 11. a3 d5 12. e5 Ne4 13. 0-0 Nxd2 14. Qxd2 Qb6 15. Bb1 f6 16. exf6 gxf6 17. Bh6 Bxh6 18. Qxh6 Nxd4 19. Rxc8+ Bxc8 20. Nxd4 Qxd4 21. Qg7 Rf8 22. Rc1 Bd7 23. Rc7 Rf7 24. Qg8+ Ke7 25. Rxd7+ Kxd7 26. Qxf7+ Kd6 27. Bxh7 Qxb2 28. g3 b5 29. Qf8+ Kd7 30. Qb4 Qc1+ 31. Kg2 Qc4 32. Qxc4 bxc4 33. Kf3 Kc6 34. Ke3 Kc5 35. h4 d4+ 36. Kd2 Kb5 37. Bc2 d3 38. Bxd3 cxd3 39. h5 Ka4 40. h6 1-0

[Event "NRW-ch U14"]
[Site "Kranenburg"]
[Date "2003.04.23"]
[Round "4"]
[White "Meschede, Thorsten Gerrit"]
[Black "Kanevski, Vladyslav"]
[Result "1/2-1/2"]
[WhiteElo "1522"]
[BlackElo "1677"]
[PlyCount "38"]
[EventDate "2003.04.??"]
[EventType "swiss"]
[EventRounds "7"]
[EventCountry "GER"]
[SourceTitle "EXT 2005"]
[Source "ChessBase"]
[SourceDate "2004.11.15"]
[SourceVersion "1"]
[SourceVersionDate "2004.11.15"]
[SourceQuality "1"]

1. e4 e6 2. d4 d5 3. exd5 exd5 4. c4 c6 5. Nf3 Bd6 6. Bd3 Ne7 7. 0-0 0-0 8. Nc3 Be6 9. Ng5 h6 10. Nxe6 fxe6 11. Bxh6 Nf5 12. Be3 Qh4 13. g3 Qh3 14. Re1 Rf6 15. Bf1 Qh7 16. Bg5 Rg6 17. f4 Nd7 18. Be2 Nf6 19. Bd3 Re8 1/2-1/2

[Event "Hochsauerland-ch U14"]
[Site "Foeckinghausen"]
[Date "2003.01.04"]
[Round "2"]
[White "Mohnhaupt, Marcel"]
[Black "Meschede, Thorsten Gerrit"]
[Result "0-1"]
[WhiteElo "1224"]
[BlackElo "1496"]
[PlyCount "98"]
[EventDate "2003.01.??"]
[EventType "swiss"]
[EventRounds "5"]
[EventCountry "GER"]
[SourceTitle "EXT 2005"]
[Source "ChessBase"]
[SourceDate "2004.11.15"]
[SourceVersion "1"]
[SourceVersionDate "2004.11.15"]
[SourceQuality "1"]

1. e4 e5 2. Nf3 Nc6 3. Bb5 a6 4. Bxc6 dxc6 5. Nxe5 Qd4 6. Nf3 Qxe4+ 7. Qe2 Qxe2+ 8. Kxe2 Nf6 9. d4 c5 10. Bf4 Bd6 11. Bxd6 cxd6 12. dxc5 dxc5 13. Nc3 Bf5 14. Kd2 0-0-0+ 15. Ke2 Rhe8+ 16. Kf1 Bxc2 17. Rc1 Bd3+ 18. Kg1 Be2 19. Ng5 Nd5 20. Nxe2 Rxe2 21. g3 Rxb2 22. Rxc5+ Kb8 23. Nxf7 Rf8 24. Ng5 h6 25. Ne6 Rf6 26. Nxg7 Rbxf2 27. Nh5 Rf1+ 28. Kg2 R6f2+ 29. Kh3 Rxh1 30. Rxd5 Rhxh2+ 31. Kg4 Rxa2 32. Rd8+ Kc7 33. Rh8 Ra4+ 34. Kf3 Rxh5 35. Rh7+ Kc6 36. g4 Rh3+ 37. Kg2 Rb3 38. Rf7 Ra2+ 39. Rf2 Rxf2+ 40. Kxf2 Kd5 41. Ke2 Ke4 42. Kd2 Rd3+ 43. Kc2 Kd4 44. g5 hxg5 45. Kb2 Rc3 46. Kb1 Kc4 47. Kb2 Kb4 48. Kb1 Kb3 49. Ka1 Rc1# 0-1

[Event "Hochsauerland-ch U14"]
[Site "Foeckinghausen"]
[Date "2003.01.03"]
[Round "1"]
[White "Meschede, Thorsten Gerrit"]
[Black "Brueggemann, Tristan"]
[Result "1-0"]
[WhiteElo "1496"]
[BlackElo "1163"]
[PlyCount "51"]
[EventDate "2003.01.??"]
[EventType "swiss"]
[EventRounds "5"]
[EventCountry "GER"]
[SourceTitle "EXT 2005"]
[Source "ChessBase"]
[SourceDate "2004.11.15"]
[SourceVersion "1"]
[SourceVersionDate "2004.11.15"]
[SourceQuality "1"]

1. e4 e5 2. Nf3 Bc5 3. Nxe5 Qf6 4. Nf3 d6 5. d4 Bb4+ 6. c3 Ba5 7. Bg5 Qg6 8. Bd3 f5 9. Qe2 Nc6 10. exf5+ Nce7 11. fxg6 hxg6 12. Bxg6+ Kd7 13. Bf7 Kc6 14. Bxg8 Rxg8 15. Bxe7 Bg4 16. Bg5 b5 17. Qe4+ d5 18. Qxg4 Rae8+ 19. Ne5+ Kb7 20. 0-0 Rh8 21. Nd2 Rh7 22. Nb3 Ka6 23. Nxa5 Reh8 24. Qe6+ Kxa5 25. b4+ Ka4 26. Qa6# 1-0